<?xml version="1.0" encoding="UTF-8"?>
<collection xmlns="http://www.loc.gov/MARC21/slim">
 <record>
  <leader>00670pamaa2200205   4500</leader>
  <controlfield tag="001">0000034017</controlfield>
  <controlfield tag="005">20060523090000.0</controlfield>
  <datafield tag="020" ind1="0" ind2="0">
   <subfield code="a">9812301542 </subfield>
  </datafield>
  <datafield tag="082" ind1=" " ind2=" ">
   <subfield code="a">959.5 MAL 2002</subfield>
  </datafield>
  <datafield tag="090" ind1="0" ind2="0">
   <subfield code="a">DS596.7 </subfield>
   <subfield code="b">MAL 2002</subfield>
  </datafield>
  <datafield tag="100" ind1="1" ind2="0">
   <subfield code="a">CHEAH BOON KHENG </subfield>
  </datafield>
  <datafield tag="245" ind1="1" ind2="0">
   <subfield code="a">Malaysia : </subfield>
   <subfield code="b">the making of a nation  </subfield>
   <subfield code="c">Cheah Boon Kheng.</subfield>
  </datafield>
  <datafield tag="260" ind1="0" ind2="0">
   <subfield code="a">Singapore: </subfield>
   <subfield code="b">Institute of Southeast Asian Studies, </subfield>
   <subfield code="c">2002.</subfield>
  </datafield>
  <datafield tag="300" ind1=" " ind2=" ">
   <subfield code="a">xviii, 263p.: </subfield>
   <subfield code="b">23cm.</subfield>
  </datafield>
  <datafield tag="650" ind1="0" ind2="0">
   <subfield code="a">Nationalism -- </subfield>
   <subfield code="z">Malaysia </subfield>
  </datafield>
  <datafield tag="650" ind1="0" ind2="0">
   <subfield code="a">Comminalism -- </subfield>
   <subfield code="z">Malaysia </subfield>
  </datafield>
  <datafield tag="651" ind1="0" ind2="0">
   <subfield code="a">Malaysia -- </subfield>
   <subfield code="x">Politics and government </subfield>
  </datafield>
  <datafield tag="651" ind1="0" ind2="0">
   <subfield code="a">Malaysia -- </subfield>
   <subfield code="x">Economic conditions </subfield>
  </datafield>
  <datafield tag="651" ind1="0" ind2="0">
   <subfield code="a">Malaysia -- </subfield>
   <subfield code="x">Economic policy </subfield>
  </datafield>
  <datafield tag="651" ind1="0" ind2="0">
   <subfield code="a">Malaysia -- </subfield>
   <subfield code="x">History </subfield>
  </datafield>
 </record>
</collection>
